Impuesto al gasto
Saved in:
| 主要作者: | |
|---|---|
| 格式: | 圖書 |
| 語言: | 西班牙语 |
| 出版: |
Ciudad de México
Fondo de Cultura Económica
1963
|
| 叢編: | Sección de Obras de Economía
|
| 主題: | |
| 標簽: |
添加標簽
沒有標簽, 成為第一個標記此記錄!
|
MARC
| LEADER | 00000nam a2200000 a 4500 | ||
|---|---|---|---|
| 001 | UCT7732 | ||
| 003 | CL-VaPUC | ||
| 008 | 970317e19630000MX |||||||||||||||||spa|d | ||
| 082 | 0 | 4 | |a 336.2 |b KAL |2 21 |
| 100 | |a Kaldor, Nicholas |e author |9 414985 | ||
| 245 | 1 | 0 | |a Impuesto al gasto |
| 300 | |a 250 p | ||
| 942 | |c BK | ||
| 945 | |d 19970317 00:00:00 |a nastorga | ||
| 260 | |a Ciudad de México |b Fondo de Cultura Económica |c 1963 | ||
| 650 | 0 | |a Impuestos |9 255450 | |
| 650 | 7 | |a GASTOS |2 CL-VaPUC |9 357995 | |
| 650 | 7 | |a INGRESOS |2 CL-VaPUC |9 367979 | |
| 650 | 0 | |a Impuestos sobre la renta |9 257008 | |
| 650 | 0 | |a Ahorro |9 351157 | |
| 650 | 0 | |a Economía |9 255568 | |
| 650 | 0 | |a Herencia |9 256325 | |
| 583 | |a last modification |c 19970317 00:00:00 |k Rodrigo Vera | ||
| 490 | 0 | |a Sección de Obras de Economía | |
| 999 | |c 256280 |d 256278 | ||
| 952 | |0 0 |1 0 |4 0 |6 336_200000000000000_KAL_1963 |7 0 |8 A |9 278941 |a BIBDER |b BIBDER |d 2019-11-19 |i 181043K |o 336.2 KAL 1963 |p 181043K |r 2023-01-25 |w 2019-11-19 |y BK |k DER | ||